LEADER 00970nas 2200313-a 450 001 9910146009103321 005 20130315093619.0 035 $a(OCoLC)232955806 035 $a(CKB)1000000000428756 035 $a(CONSER)--2008213682 035 $a(MiAaPQ)2034840 035 $a(EXLCZ)991000000000428756 100 $a20080630a20099999 --- a 101 0 $aeng 200 00$aJournal of information, intelligence and knowledge 210 $aHauppauge, NY $cNova Science Publishers 311 $a1937-7983 517 1 $aInformation, intelligence and knowledge 517 1 $aJIIK 531 $aJOURNAL OF INFORMATION, INTELLIGENCE & KNOWLEDGE 531 0 $aJ. inf. intell. knowl. 606 $aInformation science$vPeriodicals 615 0$aInformation science 676 $a029 712 02$aNova Science Publishers. 906 $aJOURNAL 912 $a9910146009103321 996 $aJournal of information, intelligence and knowledge$92377234 997 $aUNINA LEADER 01679nam 2200421 450 001 996577966603316 005 20231209090903.0 010 $a1-5044-5486-3 024 70$a10.1109/IEEESTD.2019.8686442 035 $a(CKB)4100000007989037 035 $a(NjHacI)994100000007989037 035 $a(EXLCZ)994100000007989037 100 $a20231209d2019 uy 0 101 0 $aeng 135 $aur||||||||||| 181 $ctxt$2rdacontent 182 $cc$2rdamedia 183 $acr$2rdacarrier 200 10$aIEEE Std 693-2018 (Revision of IEEE Std 693-2005) $eIEEE Recommended Practice for Seismic Design of Substations /$fIEEE 210 1$aNew York :$cIEEE,$d2019. 215 $a1 online resource (220 pages) 225 1 $aIEEE Std ;$v693-2018 330 $aSeismic design recommendations for substations, including qualification of different equipment types are discussed. Design recommendations consist of seismic criteria, qualification methods and levels, structural capacities, performance requirements for equipment operation, installation methods, and documentation. 410 0$aIEEE Std ;$v693-2018. 517 $aIEEE Std 693-2018 606 $aEarthquake resistant design$xStandards 606 $aElectric substations$xDesign and construction 606 $aEarthquake engineering 615 0$aEarthquake resistant design$xStandards. 615 0$aElectric substations$xDesign and construction. 615 0$aEarthquake engineering. 676 $a624.1762 801 0$bNjHacI 801 1$bNjHacl 906 $aDOCUMENT 912 $a996577966603316 996 $aIEEE Std 693-2018 (Revision of IEEE Std 693-2005)$93652882 997 $aUNISA